LEADER 01908nam a2200277 a 4500 001 000000043387 003 CaOOAMICUS 005 20100630150937.0 008 990330m15551558it u001 u lat r 026 $anio- a-um$bt.ex te8N (3)$c1558 (R) 035 $a10818499 040 $aPUL(R)$bita$dsasa 100 1 $aVanzi, Sebastiano,$cvesc. di Orvieto,$d1514-1571.$0(OLS)http://pul/name/31735 245 10$aTractatus de nullitatibus processuum ac sententiarum, causarum patronis, caeterisquae legum studiosis, et in foro praesertim Romano versantibus non minus quam necessarius, ... a D. Sebastiano Vantio Ariminensi pulchro et eleganti ordine ... compositus. 260 $aVenetiis :$bFrancis. Bindonus excudebat,$c1558$e(Venetiis :$fApud Francisci Bindonei,$g1555) 300 $a[16], 511, [73] p. ;$c8° (16 cm) 500 $aIniziali xil. 500 $aSegnatura: [fiore]8 A-Z8 AA-II8 [croce lat.]8 2[croce lat.]8 3[croce lat.] 4[croce lat.]8 5[croce lat.]4 662 $aItalia$dVenezia.$0(OLS)http://pul/subject/34951 710 0 $aBindoni, Francesco$4pbl.$0(OLS)http://pul/name/73068 850 $aPUL 852 $aPUL$W1$xDP1 Antico 500$y12$m199 A 12$j58490$nBK-PRI$qStampati Antico$B58490$CPULBib$Z2$F58490 $H908 $82 941 1 $a15 961 $aPrecedenti collocazioni: X-IV-9.Ex libris: "Sac. V. Todeschi".Autore e titolo dell'opera abbreviato sul taglio di piede: "Vantius. de nullitatib.".Maniculae.Postille mss. all'interno del testo.Sottolineature all'interno del testo. 996 $6245$aTractatus de nullitatibus processuum ac sententiarum, causarum patronis, caeterisquae legum studiosis, et in foro praesertim Romano versantibus non minus quam necessarius, ... a D. Sebastiano Vantio Ariminensi pulchro et eleganti ordine ... compositus$9(OLS)http://pul/title/58486 996 $6260$aVenetiis :$bFrancis. Bindonus excudebat$9(OLS)http://pul/publisher/65266 LEADER 01275nam a2200277 i 4500 001 000000143271 003 CaOOAMICUS 005 20150512115718.0 008 150512s2007 it b u000 udita r 040 $aPUL$bita 100 1 $aLore, Bartholomäus.$0(OLS)http://pul/name/92099 240 10$aKamillus von Lellis: Diener der Kranken.$lItaliano.$0(OLS)http://pul/title/181309 245 10$aCamillo De Lellis :$b"servo dei malati"/$cLore Bartholomäus; Con un'appendice di padre Johannes Dammig; Presentazione di Angelo Brusco, m.i. 260 $aRoma :$bCittà Nuova,$c[1992] 300 $a170 p.$c20 cm 600 04$aCamillus de Lellis,$cs.,$d1550-1614.$0(OLS)http://pul/subject/4145 700 1 $aDammig, Johannes.$0(OLS)http://pul/name/92100 700 1 $aBrusco, Angelo.$0(OLS)http://pul/name/35407 850 $aPUL 852 $aPUL$W1$xDP1 Religione 1$y20$m635 F 73$j165384$qStampati$B165649$CPULBib$Z2$F165649 $H69166 $82 941 1 $a8 960 $aCamillo de Lellis,$cs.,$d1550-1614? $94145 960 $aDe Lellis, Camillo,$cM.I.,$d1550-1614? $94145 996 $6245$aCamillo De Lellis :$b"servo dei malati"/$9(OLS)http://pul/title/181307 996 $6260$aRoma :$bCittà Nuova$9(OLS)http://pul/publisher/47927